Ortak bir amaç üzerinden uzlaşmak: Kıbrıs'ta mülteci ve sığınmacılar için insan hakları (Record no. 10298)

MARC details
000 -BAŞLIK
Sabit Uzunlukta Kontrol Alanı 00789na a2200253 4500
001 - KONTROL NUMARASI
Denetim Alanı 23601
003 - KONTROL NUMARASI IDENTIFIER
Denetim Alanı MIRAKIL
005 - SON İŞLEM TARİHİ VE ZAMANI
Denetim Alanı 20181213155314.0
008 - SABİT-BOY VERİ ELEMANLARI - GENEL BİLGİLER
Sabit Uzunlukta Kontrol Alanı 180110b tu 000 0
040 ## - KATALOGLAMA KAYNAK
Orijinal Kataloglama Ajansı Milas
Kataloglama Dili tur
Metne Dönüştürmek Ajansı TR-AnCHP
041 ## - DİL KODU
Metin / Ses Parça Veya Ayrı Başlığın Dil Kodu tur
082 ## - DEWEY ONLU SINIFLANDIRMA NUMARASI
Sınıflandırma Numarası 342.082
Ürün Numarası Y24o 2010
090 ## - SINIFLAMA NUMARASI
Sınıflama Numarası 342.082 Y24o 2010
100 ## - ANA GİRİŞ - KİŞİSEL İSİM
Kişisel Ad Yakinthou, Christalla
245 ## - BAŞLIK TABLOSU
Başlık Ortak bir amaç üzerinden uzlaşmak: Kıbrıs'ta mülteci ve sığınmacılar için insan hakları
Sorumluluk Tablosu, Vb Christalla Yakinthou, Öncel Polili
260 ## - YAYIN, DAĞITIM, VB
Yayın, Dağıtım, Vb Yeri Ankara
Yayıncı, Dağıtıcı, Vs Adı TESEV Yayınları
Yayın, Dağıtım, Vb Tarihi 2010
300 ## - FİZİKSEL TANIM
Kapsam 36 s.
Diğer Fiziksel Ayrıntıları grf.
Boyutlar 30 sm.
440 ## - SERİSİ TABLOSU / KATMA GİRİŞİ - BAŞLIK
Başlık Tesev Yayınları
504 ## - KAYNAKÇA VB NOT
Kaynakça Vb Notu Kaynakça var.
650 ## - KONU KATMA GİRİŞ - TOPİKAL DÖNEM
Topikal Süreli Veya Coğrafi Ad Giriş Elemanı İnsan hakları
Genel Alt Bölümü Mülteciler
650 ## - KONU KATMA GİRİŞ - TOPİKAL DÖNEM
Topikal Süreli Veya Coğrafi Ad Giriş Elemanı Kıbrıs
Genel Alt Bölümü Göç ve göçmenler
700 ## - KATMA GİRİŞ - KİŞİSEL İSİM
Kişisel Ad Polili, Öncel
942 ## - EKLENDİ GİRİŞ ELEMANLARI (KOHA)
Sınıflandırma Veya Raf Düzeni Kaynak
Koha Öğesi Türü Books
999 ## - SİSTEM KONTROL NUMARALARI (KOHA)
Koha Biblionumber 10298
Koha Biblioitemnumber 10298
Holdings
Kalıcı Konum Mevcut Konum Edinme Tarihi Edinim Kaynak Toplam Check-Out'Lar Tam Çağrı Numarası Barkod Tarih Son Görülme İtibaren Geçerli Fiyatlar Koha Öğesi Türü
CHP Kütüphanesi CHP Kütüphanesi 11/06/2017 Bağış   342.082 Y24o 2010 017585 11/06/2017 11/06/2017 Books